White jazz /

Saved in:
Bibliografiske detaljer
Hovedforfatter: Ellroy, James (Author)
Andre forfattere: Oliva, Carlo, (1943-2012)
Format: Bog
Sprog:italiensk
Udgivet: Milano : A. Mondadori, 1995
Serier:Bestsellers ; 520
Tags: Tilføj Tag
Ingen Tags, Vær først til at tagge denne postø!

MARC

LEADER 00000nam a22000007i 4500
001 IT\ICCU\BVE\0078235
003 ItRI
005 20260115231848.0
008 951009s1995 it |||||| ||||| |||||c
020 |a 880439997X 
024 3 1 |a 9788804399971 
040 |b ita  |c importazione bologna sebina 
041 7 |a ita  |2 ISO-639-2 
082 |a 813.54  |9 Letteratura americana in inglese. Narrativa. 1945-  |2 20 
100 1 |a Ellroy, James  |0 IT\ICCU\CFIV\095966  |4 aut 
240 1 0 |a White jazz. -  |3 IT\ICCU\RAV\0203360  |9 Ellroy, James 
245 1 0 |a White jazz /  |c James Ellroy ; traduzione di Carlo Oliva. 
260 |a Milano :  |b A. Mondadori,  |c 1995 
300 |a 381 p. ;  |c 20 cm 
700 1 |a Oliva, Carlo,  |d  (1943-2012)  |0 IT\ICCU\CFIV\078016 
830 0 |a Bestsellers ;  |v 520  |0 IT\ICCU\CFI\0012751 
942 |2 ddc  |c BK  |n 0 
952 |0 0  |1 0  |4 0  |6 DOC_813_540000000000000_ELL  |7 0  |9 14514  |a BO  |b BO  |d 2026-01-15  |i 11546  |l 0  |o DOC 813.54 ELL  |p BO11546  |r 2026-01-15 23:18:48  |w 2026-01-15  |x [Sebina 5] [1 v.]  |y BK  |z 1 v. 
999 |c 12519  |d 12519